[Event "Pan American Intercollegiate-chT"]
[Site "McAllen"]
[Date "2024.01.04"]
[Round "1.1"]
[White "Gledura, Benjamin"]
[Black "Rodriguez Garcia, Victor"]
[Result "1-0"]
[WhiteElo "2633"]
[BlackElo "2339"]
[PlyCount "68"]
[EventDate "2024.01.04"]
[EventType "team-swiss"]
[EventRounds "6"]
[EventCountry "USA"]
[SourceTitle "CB02_2024"]
[SourceDate "2024.01.10"]
[SourceVersion "1"]
[SourceVersionDate "2024.01.10"]
[SourceQuality "1"]
[WhiteTeam "Webster Univ"]
[BlackTeam "Texas Rio Grande Valley Univ III"]
[WhiteTeamCountry "USA"]
[BlackTeamCountry "USA"]

1. d4 d6 2. Nf3 Nf6 3. Nbd2 g6 4. e4 Bg7 5. Bb5+ c6 6. Bd3 0-0 7. 0-0 Qc7 8. Re1 e5 9. c3 Nbd7 10. h3 Re8 11. a4 b6 12. Qc2 Bb7 13. a5 Nf8 14. b4 Nh5 15. Bf1 Ne6 16. Nb3 Nf6 17. a6 Bc8 18. Bb2 h6 19. c4 Nh7 20. Qd2 Nhg5 21. Nxg5 hxg5 22. d5 Nf4 23. dxc6 Qxc6 24. b5 Qc7 25. Ba3 Bf8 26. Red1 Rd8 27. c5 bxc5 28. Nxc5 Be7 29. Nd3 Be6 30. Nb4 d5 31. Nc6 Bxa3 32. Nxd8 Rxd8 33. Rxa3 d4 34. Rc1 Qe7 1-0

[Event "Charlotte CCCSA Fall GM-C"]
[Site "Charlotte"]
[Date "2022.11.20"]
[Round "6"]
[White "Rodriguez Garcia, Victor"]
[Black "Sethuraman, Sandeep"]
[Result "0-1"]
[WhiteElo "2350"]
[BlackElo "2371"]
[PlyCount "110"]
[EventDate "2022.11.18"]
[EventType "tourn"]
[EventRounds "9"]
[EventCountry "USA"]
[EventCategory "5"]
[SourceTitle "CBM 215 Extra"]
[Source "ChessBase"]
[SourceDate "2023.09.30"]
[SourceVersion "1"]
[SourceVersionDate "2023.09.30"]
[SourceQuality "1"]

1. e4 c5 2. Nf3 d6 3. Bb5+ Nd7 4. d4 cxd4 5. Nxd4 a6 6. Bd3 Ngf6 7. 0-0 e5 8. Nb3 Be7 9. c4 a5 10. Nc3 a4 11. Nd2 Nc5 12. Bc2 Bd7 13. Ndb1 Bc6 14. Re1 0-0 15. Na3 Nfd7 16. Be3 Qa5 17. Qd2 Nb6 18. Rac1 Rfc8 19. Bb1 Bd7 20. Red1 Qa6 21. f3 Bf8 22. Qe2 Be6 23. Nd5 Nxd5 24. exd5 Bd7 25. f4 exf4 26. Bd4 g6 27. Qf2 Bh6 28. Qh4 Bg7 29. Bxg7 Kxg7 30. Qxf4 Qb6 31. Qd4+ Kg8 32. Rf1 Re8 33. Rf2 Re5 34. Rcf1 f5 35. g4 fxg4 36. Rf6 Rae8 37. Qf2 Bf5 38. Nb5 Re2 39. Qd4 Bxb1 40. Rxd6 Be4 41. Rf7 Re1+ 42. Rf1 Rxf1+ 43. Kxf1 Qa5 44. Nc3 Qc7 45. Nb5 Qa5 46. Nc3 Qc7 47. Nb5 Qf7+ 48. Rf6 Qxf6+ 49. Qxf6 Rf8 50. Qxf8+ Kxf8 51. Kf2 Bd3 52. Na3 h5 53. Ke3 h4 54. b4 axb3 55. axb3 Nxb3 0-1

[Event "Charlotte CCCSA Fall GM-C"]
[Site "Charlotte"]
[Date "2022.11.19"]
[Round "4"]
[White "Rodriguez Garcia, Victor"]
[Black "Gedajlovic, Max"]
[Result "1/2-1/2"]
[WhiteElo "2350"]
[BlackElo "2317"]
[PlyCount "32"]
[EventDate "2022.11.18"]
[EventType "tourn"]
[EventRounds "9"]
[EventCountry "USA"]
[EventCategory "5"]
[SourceTitle "CBM 211 Extra"]
[Source "ChessBase"]
[SourceDate "2023.01.31"]
[SourceVersion "1"]
[SourceVersionDate "2023.01.31"]
[SourceQuality "1"]

1. e4 e5 2. Nf3 Nc6 3. Bb5 a6 4. Ba4 Nge7 5. 0-0 g6 6. c3 Bg7 7. d4 b5 8. Bc2 exd4 9. cxd4 d5 10. exd5 Nb4 11. Bb3 h6 12. Bf4 Nbxd5 13. Be5 0-0 14. Nc3 Nxc3 15. bxc3 Bb7 16. Re1 Nd5 1/2-1/2

[Event "Latin Cup 5th"]
[Site "Duran"]
[Date "2014.12.31"]
[Round "9"]
[White "Rodriguez Garcia, Victor"]
[Black "Oblitas Guerrero, Carlomagno"]
[Result "1-0"]
[WhiteElo "2358"]
[BlackElo "2422"]
[PlyCount "85"]
[EventDate "2014.12.26"]
[EventType "swiss"]
[EventRounds "9"]
[EventCountry "ECU"]
[SourceTitle "CBM 164 Extra"]
[Source "ChessBase"]
[SourceDate "2015.03.02"]
[SourceVersion "1"]
[SourceVersionDate "2015.03.02"]
[SourceQuality "1"]

1. e4 Nf6 2. e5 Nd5 3. d4 d6 4. Nf3 Bg4 5. exd6 Qxd6 6. Be2 e6 7. 0-0 Be7 8. h3 Bxf3 9. Bxf3 c6 10. c4 Nf6 11. Qb3 Qd7 12. Be3 0-0 13. Nc3 Qc7 14. Rfd1 Nbd7 15. Rac1 Rfd8 16. Qc2 Rac8 17. a3 a6 18. b4 Qb8 19. Qa2 Bd6 20. c5 Bf4 21. Qe2 Bxe3 22. fxe3 Qg3 23. a4 Nf8 24. b5 axb5 25. axb5 Ng6 26. Qf2 Qxf2+ 27. Kxf2 Nh4 28. e4 Nxf3 29. gxf3 b6 30. bxc6 Rxc6 31. Na4 b5 32. Nb6 Nd7 33. Nxd7 Rxd7 34. Rb1 Rb7 35. Rdc1 b4 36. Rc4 b3 37. Rc3 b2 38. Rc2 g5 39. Rbxb2 Rxb2 40. Rxb2 e5 41. Ke3 exd4+ 42. Kxd4 Rf6 43. Rc2 1-0

[Event "Latin Cup 5th"]
[Site "Duran"]
[Date "2014.12.30"]
[Round "8"]
[White "Rodriguez Garcia, Victor"]
[Black "Cori Tello, Deysi Estella"]
[Result "1/2-1/2"]
[WhiteElo "2358"]
[BlackElo "2425"]
[PlyCount "21"]
[EventDate "2014.12.26"]
[EventType "swiss"]
[EventRounds "9"]
[EventCountry "ECU"]
[SourceTitle "CBM 164 Extra"]
[Source "ChessBase"]
[SourceDate "2015.03.02"]
[SourceVersion "1"]
[SourceVersionDate "2015.03.02"]
[SourceQuality "1"]

1. e4 c5 2. Nc3 e6 3. Nf3 Nc6 4. d4 cxd4 5. Nxd4 Qc7 6. Nxc6 bxc6 7. Bd3 d5 8. 0-0 Nf6 9. Qe2 Be7 10. b3 0-0 11. Bb2 1/2-1/2

[Event "Latin Cup 5th"]
[Site "Duran"]
[Date "2014.12.29"]
[Round "6"]
[White "Rodriguez Garcia, Victor"]
[Black "Hernandez Sanchez, Jairo Andres"]
[Result "1/2-1/2"]
[WhiteElo "2358"]
[BlackElo "2306"]
[PlyCount "47"]
[EventDate "2014.12.26"]
[EventType "swiss"]
[EventRounds "9"]
[EventCountry "ECU"]
[SourceTitle "CBM 164 Extra"]
[Source "ChessBase"]
[SourceDate "2015.03.02"]
[SourceVersion "1"]
[SourceVersionDate "2015.03.02"]
[SourceQuality "1"]

1. e4 c5 2. Nf3 Nc6 3. Bb5 g6 4. Bxc6 dxc6 5. d3 Bg7 6. h3 Nf6 7. Nc3 Nd7 8. Be3 e5 9. Qd2 Qe7 10. Bh6 Bxh6 11. Qxh6 f6 12. Nh2 Nf8 13. f4 exf4 14. Qxf4 Ne6 15. Qd2 Nd4 16. Nf3 Be6 17. 0-0 0-0-0 18. Qf2 Nxf3+ 19. Qxf3 Rhf8 20. Qe3 Qd6 21. Rf2 Qe5 22. Raf1 Rf7 23. a3 b6 24. Qf4 1/2-1/2

[Event "Capablanca Memorial op-A 48th"]
[Site "Havana"]
[Date "2013.05.01"]
[Round "10"]
[White "Rodriguez Garcia, Victor"]
[Black "Diaz Perez, Michel Alejandro"]
[Result "1/2-1/2"]
[WhiteElo "2381"]
[BlackElo "2276"]
[PlyCount "23"]
[EventDate "2013.04.21"]
[EventType "swiss"]
[EventRounds "10"]
[EventCountry "CUB"]
[SourceTitle "CBM 154 Extra"]
[Source "ChessBase"]
[SourceDate "2013.06.25"]
[SourceVersion "2"]
[SourceVersionDate "2013.06.25"]
[SourceQuality "1"]

1. e4 e5 2. Nf3 Nc6 3. Bb5 a6 4. Ba4 Nf6 5. Qe2 b5 6. Bb3 Be7 7. 0-0 0-0 8. c3 d6 9. d3 Na5 10. Bc2 c5 11. Nbd2 Re8 12. Re1 1/2-1/2

[Event "Capablanca Memorial op-A 48th"]
[Site "Havana"]
[Date "2013.04.23"]
[Round "3"]
[White "Miranda Llanes, Yerisbel"]
[Black "Rodriguez Garcia, Victor"]
[Result "0-1"]
[WhiteElo "2267"]
[BlackElo "2381"]
[PlyCount "70"]
[EventDate "2013.04.21"]
[EventType "swiss"]
[EventRounds "10"]
[EventCountry "CUB"]
[SourceTitle "CBM 154 Extra"]
[Source "ChessBase"]
[SourceDate "2013.06.25"]
[SourceVersion "2"]
[SourceVersionDate "2013.06.25"]
[SourceQuality "1"]

1. d4 d6 2. Nf3 g6 3. c4 Bg7 4. Nc3 Nc6 5. e4 Bg4 6. Be3 e5 7. d5 Nd4 8. h3 Bxf3 9. gxf3 c5 10. dxc6 bxc6 11. Bg2 Nf6 12. 0-0 Nh5 13. b4 0-0 14. Rb1 Rc8 15. Ne2 Qf6 16. Bxd4 exd4 17. Qd2 Qh4 18. Rb3 c5 19. b5 Be5 20. Ra3 Rc7 21. f4 Bxf4 22. Qd3 Re7 23. Ng3 Ng7 24. Qf3 h5 25. Ne2 Ne6 26. Ra6 Be5 27. Ra3 Kg7 28. Qd3 f5 29. exf5 Rxf5 30. Ng3 Rg5 31. Qe4 Nf4 32. Kh2 d3 33. Rxd3 Nxg2 34. Kxg2 Qxe4+ 35. Rf3 h4 0-1

[Event "Sabadell op-A 5th"]
[Site "Sabadell"]
[Date "2012.09.02"]
[Round "4"]
[White "Rodriguez Garcia, Victor"]
[Black "Burmakin, Vladimir"]
[Result "1/2-1/2"]
[WhiteElo "2383"]
[BlackElo "2608"]
[PlyCount "36"]
[EventDate "2012.08.30"]
[EventType "swiss"]
[EventRounds "9"]
[EventCountry "ESP"]
[SourceTitle "CBM 150 Extra"]
[Source "ChessBase"]
[SourceDate "2012.10.19"]
[SourceVersion "1"]
[SourceVersionDate "2012.10.19"]
[SourceQuality "1"]

1. e4 c6 2. d4 d5 3. exd5 cxd5 4. Bd3 Nf6 5. c3 Nc6 6. Bf4 Bg4 7. Qb3 Qb6 8. Qxb6 axb6 9. Na3 Kd7 10. Nb5 Ne8 11. Ne2 Bh5 12. Bg3 Bg6 13. Nf4 Bxd3 14. Nxd3 e6 15. Ne5+ Nxe5 16. Bxe5 Bd6 17. Nxd6 Nxd6 18. Bxd6 Kxd6 1/2-1/2

[Event "Capablanca Memorial op-A 46th"]
[Site "Havana"]
[Date "2011.05.18"]
[Round "7"]
[White "Rodriguez Garcia, Victor"]
[Black "Obregon Rivero, Juan Carlos"]
[Result "1/2-1/2"]
[WhiteElo "2331"]
[BlackElo "2445"]
[PlyCount "80"]
[EventDate "2011.05.11"]
[EventType "swiss"]
[EventRounds "10"]
[EventCountry "CUB"]
[SourceTitle "CBM 142 Extra"]
[Source "ChessBase"]
[SourceDate "2011.06.27"]
[SourceVersion "1"]
[SourceVersionDate "2011.06.27"]
[SourceQuality "1"]

1. e4 c5 2. Nf3 Nc6 3. Bb5 a6 4. Bxc6 dxc6 5. d3 Qc7 6. h3 e5 7. Be3 Be6 8. Nbd2 f6 9. Qe2 Bd6 10. Nc4 Ne7 11. Nfd2 0-0 12. f3 a5 13. Qf2 b6 14. 0-0 g5 15. a3 a4 16. h4 h6 17. h5 f5 18. exf5 Nxf5 19. Nxd6 Qxd6 20. Ne4 Qc7 21. Bd2 Rae8 22. Bc3 Ng7 23. Rae1 Bd5 24. Qg3 Rf4 25. Nxg5 hxg5 26. h6 Rf5 27. hxg7 Qxg7 28. Re3 g4 29. f4 Qg6 30. Rxe5 Rexe5 31. Bxe5 b5 32. Re1 Qh5 33. Bc3 c4 34. dxc4 Bxc4 35. Re8+ Rf8 36. Re5 Rf5 37. Re8+ Rf8 38. Re5 Rf5 39. Re3 Rf7 40. Re1 Qc5+ 1/2-1/2

[Event "Capablanca Memorial op 45th"]
[Site "Havana"]
[Date "2010.06.16"]
[Round "6"]
[White "Bacallao Alonso, Yusnel"]
[Black "Rodriguez Garcia, Victor"]
[Result "1-0"]
[WhiteElo "2500"]
[BlackElo "2377"]
[PlyCount "161"]
[EventDate "2010.06.10"]
[EventType "swiss"]
[EventRounds "10"]
[EventCountry "CUB"]
[SourceTitle "CBM 137 Extra"]
[Source "ChessBase"]
[SourceDate "2010.09.01"]
[SourceVersion "1"]
[SourceVersionDate "2010.09.01"]
[SourceQuality "1"]

1. Nf3 Nf6 2. d4 g6 3. Bg5 Bg7 4. Nbd2 c5 5. dxc5 Qa5 6. c3 Qxc5 7. Bxf6 Bxf6 8. Ne4 Qc6 9. Nxf6+ Qxf6 10. Qd2 Nc6 11. h4 h5 12. g3 d6 13. Bg2 Bf5 14. Ng5 0-0 15. 0-0 Rad8 16. e4 Bc8 17. Qe3 Qe5 18. b4 a6 19. a4 Qg7 20. f4 f6 21. Nf3 e5 22. b5 Na5 23. fxe5 dxe5 24. Rad1 Qe7 25. Nd2 Kg7 26. Rb1 Qc7 27. Rf2 axb5 28. Rxb5 Nc4 29. Nxc4 Qxc4 30. Rc5 Qxa4 31. Bf1 Qd7 32. Bc4 Qe7 33. Bd5 Be6 34. c4 Rc8 35. Rb5 Bxd5 36. cxd5 Rfd8 37. Rb6 Rf8 38. d6 Qd7 39. Rfb2 Rf7 40. Qb3 Rb8 41. Kh2 Qd8 42. Qd5 Qe8 43. R6b4 Rd7 44. Rd2 Qg8 45. Qd3 Qe6 46. Rb5 Ra8 47. Rc5 Rad8 48. Rd5 Kg8 49. Qa3 Rc8 50. Rc5 Rcd8 51. Qa5 Kh8 52. Rc3 Kg8 53. Rc7 Qe8 54. Qb5 Kf8 55. Qxb7 Rxc7 56. Qxc7 Qd7 57. Qb6 Kg8 58. Qb4 Kh8 59. Qc5 Rc8 60. Qe3 Kg7 61. Qb6 Rd8 62. Qf2 Qe6 63. Qb6 Qd7 64. Rd5 Kh8 65. Qa5 Rb8 66. Qd2 Kg7 67. Rc5 Rb7 68. Rc2 Kh7 69. Qd5 Ra7 70. Rb2 Kg7 71. Rc2 Kh7 72. Qc5 Rb7 73. Qa3 Qd8 74. Rc6 Qb8 75. Qc5 Rb2+ 76. Kh3 Qb3 77. d7 Qf3 78. Qe7+ Kh6 79. Qf8+ Kh7 80. Qh8+ Kxh8 81. d8Q+ 1-0

[Event "Havana Portela Memorial"]
[Site "Havana"]
[Date "2010.03.09"]
[Round "6"]
[White "Rodriguez Garcia, Victor"]
[Black "Diaz Hernandez, Heriberto"]
[Result "1/2-1/2"]
[WhiteElo "2349"]
[BlackElo "2324"]
[PlyCount "28"]
[EventDate "2010.03.03"]
[EventType "tourn"]
[EventRounds "11"]
[EventCountry "CUB"]
[EventCategory "4"]
[SourceTitle "EXT 2019"]
[Source "ChessBase"]
[SourceDate "2018.10.10"]
[SourceVersion "1"]
[SourceVersionDate "2018.10.10"]
[SourceQuality "1"]

1. e4 e5 2. Nf3 Nc6 3. Bb5 a6 4. Ba4 Nf6 5. Qe2 b5 6. Bb3 Bc5 7. c3 d6 8. d3 h6 9. Nbd2 0-0 10. Nf1 Be6 11. Ng3 Qd7 12. 0-0 Bb6 13. Be3 Bxe3 14. Qxe3 Rfe8 1/2-1/2

[Event "Havana Portela Memorial"]
[Site "Havana"]
[Date "2010.03.07"]
[Round "5"]
[White "Fernandez Hernandez, Arturo Augusto"]
[Black "Rodriguez Garcia, Victor"]
[Result "0-1"]
[WhiteElo "2261"]
[BlackElo "2349"]
[PlyCount "70"]
[EventDate "2010.03.03"]
[EventType "tourn"]
[EventRounds "11"]
[EventCountry "CUB"]
[EventCategory "4"]
[SourceTitle "EXT 2019"]
[Source "ChessBase"]
[SourceDate "2018.10.10"]
[SourceVersion "1"]
[SourceVersionDate "2018.10.10"]
[SourceQuality "1"]

1. d4 d6 2. c4 e5 3. Nf3 e4 4. Nfd2 f5 5. e3 g6 6. Qb3 Bg7 7. Nc3 Nf6 8. c5 d5 9. f3 exf3 10. gxf3 0-0 11. Bd3 Kh8 12. Nf1 b6 13. Na4 f4 14. Bd2 Bh3 15. Rg1 Nh5 16. 0-0-0 Nc6 17. Bb5 Ne7 18. Ba6 Rb8 19. cxb6 axb6 20. Bb4 Bh6 21. e4 dxe4 22. d5 Nf6 23. d6 Nf5 24. fxe4 f3+ 25. Nd2 Nd4 26. Qa3 c5 27. Bc3 Qxd6 28. Kb1 f2 29. Rg3 Bg4 30. Nf3 Qe6 31. Bxd4 cxd4 32. Rxd4 b5 33. Bxb5 Rxb5 34. Rd1 Qxe4+ 35. Ka1 Qe2 0-1

[Event "Havana Portela Memorial"]
[Site "Havana"]
[Date "2010.03.05"]
[Round "3"]
[White "Mendez Fortes, Eduardo Jesus"]
[Black "Rodriguez Garcia, Victor"]
[Result "1/2-1/2"]
[WhiteElo "2310"]
[BlackElo "2349"]
[PlyCount "26"]
[EventDate "2010.03.03"]
[EventType "tourn"]
[EventRounds "11"]
[EventCountry "CUB"]
[EventCategory "4"]
[SourceTitle "EXT 2019"]
[Source "ChessBase"]
[SourceDate "2018.10.10"]
[SourceVersion "1"]
[SourceVersionDate "2018.10.10"]
[SourceQuality "1"]

1. e4 c5 2. Nf3 Nc6 3. d4 cxd4 4. Nxd4 e5 5. Nb5 d6 6. N1c3 a6 7. Na3 Be7 8. Nc4 b5 9. Ne3 Nf6 10. g3 0-0 11. Bg2 b4 12. Ncd5 Nxd5 13. Nxd5 Bg5 1/2-1/2